LEADER 01885nam0 2200445 i 450 001 VAN00133613 005 20240806100839.887 017 70$2N$a9783319176680 100 $a20210414d2015 |0itac50 ba 101 $aeng 102 $aCH 105 $a|||| ||||| 200 1 $aExperimental Innovations in Surface Science$eA Guide to Practical Laboratory Methods and Instruments$fJohn T. Yates Jr 205 $a2. ed 210 $aCham$cSpringer$d2015 215 $axxi, 655 p.$cill.$d24 cm 500 1$3VAN00134341$aExperimental Innovations in Surface Science$91771566 606 $a00A79 (77-XX)$xPhysics [MSC 2020]$3VANC023182$2MF 606 $a92Exx$xChemistry [MSC 2020]$3VANC025596$2MF 610 $aAdsorbates to surfaces$9KW:K 610 $aAdsorption and desorption$9KW:K 610 $aCalorimetric heat of adsorption$9KW:K 610 $aInfrared Spectroscopy$9KW:K 610 $aNew concepts in surface physics$9KW:K 610 $aPumping and trapping$9KW:K 610 $aSurface preparation methods$9KW:K 610 $aTemperature measurements$9KW:K 610 $aThermal control$9KW:K 610 $aUltrahigh vacuum systems technology$9KW:K 620 $aCH$dCham$3VANL001889 700 1$aYates$bJohn T., jr$3VANV045932$0792280 712 $aSpringer $3VANV108073$4650 801 $aIT$bSOL$c20241115$gRICA 856 4 $uhttp://doi.org/10.1007/978-3-319-17668-0$zE-book ? Accesso al full-text attraverso riconoscimento IP di Ateneo, proxy e/o Shibboleth 899 $aBIBLIOTECA DEL DIPARTIMENTO DI MATEMATICA E FISICA$1IT-CE0120$2VAN08 912 $fN 912 $aVAN00133613 950 $aBIBLIOTECA DEL DIPARTIMENTO DI MATEMATICA E FISICA$d08DLOAD e-book 2337 $e08eMF2337 20210414 996 $aExperimental Innovations in Surface Science$91771566 997 $aUNICAMPANIA LEADER 02173nam0 22003491i 450 001 VAN00006890 005 20240806100231.253 010 $a88-15-07597-6 020 $aIT$b2001 3133 100 $a20020822d2000 |0itac50 ba 101 $aita 102 $aIT 105 $a|||| ||||| 200 1 $aErgonomia$elavoro, sicurezza e nuove tecnologie$fa cura di Giuseppe Mantovani 210 $aBologna$cIl Mulino$d2000 215 $a282 p.$cill.$d22 cm 330 $aQuesto volume affronta la problematica ergonomica nel momento in cui si configura con sempre maggiore evidenza la necessitą di passare da una ergonomia di correzione a una ergonomia di prevenzione, da un approccio individuale alla sicurezza a un approccio sistemico agli ambienti di lavoro. Le innovazioni tecnologiche, sociali e scientifiche dell'"Internet era" stanno trasformando in profonditą il mondo del lavoro e il modo di pensare alla sicurezza e alla affidabilitą. Occorrono dunque nuovi riferimenti scientifici: da un lato, la teoria dell'azione situata con una visione dell'"expertise" modulata sulla pratica, sugli interessi e sugli attori in gioco; dall'altro, la psicologia culturale che vede nei "tools" artefatti sempre pił duttili. 410 1$1001VAN00006928$12001 $aStrumenti. Psicologia$1210 $aBologna$cil Mulino$d1978- 606 $aErgonomia$3VANC004137$2FI 606 $aInterazione uomo-elaboratore$3VANC004136$2FI 620 $dBologna$3VANL000003 676 $a004.019$v21 702 1$aMantovani$bGiuseppe$f1942- $3VANV005805 712 $aIl Mulino $3VANV107886$4650 801 $aIT$bSOL$c20260320$gRICA 899 $aBIBLIOTECA DEL DIPARTIMENTO DI GIURISPRUDENZA$1IT-CE0105$2VAN00 899 $aBIBLIOTECA DEL DIPARTIMENTO DI PSICOLOGIA$1IT-CE0119$2VAN16 912 $aVAN00006890 950 $aBIBLIOTECA DEL DIPARTIMENTO DI PSICOLOGIA$d16CONS 3103 $e16VS 407 20061221 950 $aBIBLIOTECA DEL DIPARTIMENTO DI GIURISPRUDENZA$d00CONS IX.Eat.28 $e00 17993 20020823 996 $aErgonomia$9699893 997 $aUNICAMPANIA